| 000 | 00519nam a22001811a 4500 | ||
|---|---|---|---|
| 001 | 5280 | ||
| 003 | OSt | ||
| 005 | 20260204212009.0 | ||
| 008 | 051212s1988||||dr ||||||b||||||||||spa|| | ||
| 050 | _aRD 339 Q48r | ||
| 100 | _aQuiroga Martínez, Rayén | ||
| 245 | _aRepública Dominicana y la convención de Lomé / Rayén Quiroga Martínez | ||
| 264 | _aSanto Domingo : Fundación Friedrich | ||
| 300 | _a65 p | ||
| 490 | _aEstudios Económicos - Sociales | ||
| 650 | _a1.Economía InternacionalÌ | ||
| 942 |
_2ddc _cBK |
||
| 999 |
_c5280 _d5280 |
||